000
00419nam a2200145Ia 4500
008
100204s9999 xx 000 0 und d
082
_b
17587
100
_a
बापट मुकुंद
245
_a
मित्रा
260
_b
"सूर्याक्षर विविधा, पुणे"
_c
1994
300
_a
186
630
_a
मित्रा
730
_a
मित्रा
942
_c
BOOK
999
_c
462010
_d
462007